Vista normal
Vista MARC
Entrada Materia (personas)
Número de registros utilizados en: 1
001 - CONTROL NUMBER
- control field: 83213
003 - CONTROL NUMBER IDENTIFIER
- control field: Co-BoUCM
005 - DATE AND TIME OF LATEST TRANSACTION
- control field: 20170110132809.0
008 - FIXED-LENGTH DATA ELEMENTS
- fixed length control field: 170110|| aca||aabn | a|a d
040 ## - CATALOGING SOURCE
- Original cataloging agency: Co-BoUCM
- Transcribing agency: Co-BoUCM
100 ## - HEADING--PERSONAL NAME
- Personal name: Arco, Juana de
- Titles and other words associated with a name: Santa
- Dates associated with a name: 1412-1431
- General subdivision: Biografías
670 ## - SOURCE DATA FOUND
- Source citation: Work cat.: (Co-BoUCM): Debout, Henri 1857- 83212, Jeanne D’ Arc., [fecha desconocida]